Southville International School and Colleges
Your cart is empty.
  • Cart
  • Lists
    Public lists Eva Luna New books Lux_list list_1
    Your lists Log in to create your own lists
  • Log in to your account
  • Your cookies
  • Search history
Southville International School and Colleges
  • Advanced search
  • Recent comments
  • Most popular
  • Libraries

Log in to your account

Log in with GOOGLE


If you do not have an external account, but do have a local account, you can still log in:

  1. Home
  2. MARC view: Cotabato framers to plant rice in Papua New Guinea/
Normal view MARC view ISBD view

Cotabato framers to plant rice in Papua New Guinea/ (Record no. 361657)

[ view plain ]
MARC details
000 -LEADER
fixed length control field 00464nam a2200181Ia 4500
008 - FIXED-LENGTH DATA ELEMENTS--GENERAL INFORMATION
fixed length control field 190425s9999 xx 000 0 und d
100 ## - MAIN ENTRY--PERSONAL NAME
Personal name Manar, Malu Cadelina
245 ## - TITLE STATEMENT
Title Cotabato framers to plant rice in Papua New Guinea/
245 ## - TITLE STATEMENT
Statement of responsibility, etc Malu Cadelina Manar
260 ## - PUBLICATION, DISTRIBUTION, ETC. (IMPRINT)
Name of publisher, distributor, etc Manila Bulletin
260 ## - PUBLICATION, DISTRIBUTION, ETC. (IMPRINT)
Date of publication, distribution, etc 2018
300 ## - PHYSICAL DESCRIPTION
Extent August 23
440 ## - SERIES STATEMENT/ADDED ENTRY--TITLE
Title Manila Bulletin
650 ## - SUBJECT ADDED ENTRY--TOPICAL TERM
Topical term or geographic name as entry element farmers
650 ## - SUBJECT ADDED ENTRY--TOPICAL TERM
Topical term or geographic name as entry element farming
650 ## - SUBJECT ADDED ENTRY--TOPICAL TERM
Topical term or geographic name as entry element Papua New Guinea
650 ## - SUBJECT ADDED ENTRY--TOPICAL TERM
Topical term or geographic name as entry element rice
Holdings
Withdrawn status Lost status Damaged status Home library Current library Date acquired Total Checkouts Date last seen Price effective from Koha item type
          04/25/2019   04/25/2019 04/25/2019 Periodicals

Cotabato framers to plant rice in Papua New Guinea/

APA

Manar M. C., .Cotabato framers to plant rice in Papua New Guinea. : Manila Bulletin.

Chicago

Manar Malu Cadelina, .Cotabato framers to plant rice in Papua New Guinea. : Manila Bulletin.

Harvard

Manar M. C., .Cotabato framers to plant rice in Papua New Guinea. : Manila Bulletin.

MLA

Manar Malu Cadelina, .: Manila Bulletin. .

  • Place hold
  • Print
  • Cite
  • Add to your cart (remove)
  • Save record
    BIBTEX Dublin Core MARCXML MARC (non-Unicode/MARC-8) MARC (Unicode/UTF-8) MARC (Unicode/UTF-8, Standard) MODS (XML) RIS
  • More searches
    Search for this title in:
    Other Libraries (WorldCat) Other Databases (Google Scholar) Online Stores (Bookfinder.com) Open Library (openlibrary.org)

Exporting to Dublin Core...

SOUTHVILLE LIBRARY

Southville International School and Colleges Library

1281 Tropical Ave. Cor. Luxembourg St., BF Homes International, Las Pinas City

Tel. No. 8256374 / 252358 Loc. 117/146

Powered by Koha